La historia literaria
Gespeichert in:
| 1. Verfasser: | |
|---|---|
| Format: | Buch |
| Sprache: | Undetermined |
| Veröffentlicht: |
Madrid, España
Gredos
1968
|
| Schlagworte: | |
| Tags: |
Tag hinzufügen
Keine Tags, Fügen Sie den ersten Tag hinzu!
|
MARC
| LEADER | 00000nam a2200000Ia 4500 | ||
|---|---|---|---|
| 008 | 170316s9999 xx 000 0 und d | ||
| 090 | |a 801 T-1h | ||
| 100 | |a Tacca, Oscar | ||
| 245 | |a La historia literaria | ||
| 260 | |a Madrid, España | ||
| 260 | |b Gredos | ||
| 260 | |c 1968 | ||
| 300 | |a 202 páginas | ||
| 650 | |a TEORÍA LITERARIA | ||
| 650 | |a HISTORIA LITERARIA | ||
| 650 | |a HISTORIA UNIVERSAL-LITERATURA | ||
| 650 | |a HISTORIA COMPARADA | ||
| 650 | |a LITERATURA ESPAÑOLA | ||
| 650 | |a SISTEMATIZACIÓN | ||
| 650 | |a LITERATURA CONTEMPORÁNEA | ||
| 650 | |a HISTORIA | ||
| 650 | |a ARTE | ||
| 999 | |c 20702 |d 20702 | ||
| 040 | |a cru BVZT | ||
| 942 | |c 15 D |h 801 T-1h |2 z | ||
